| 000 | 00000nam 2200000zi 4500 |
| 001 | 9.929570 |
| 003 | CaOODSP |
| 005 | 20241203113656 |
| 006 | m o d f |
| 007 | cr |n||||||||| |
| 008 | 230123s1977 oncb o f000 0 eng d |
| 040 | |aCaOODSP|beng|erda|cCaOODSP |
| 043 | |an-cn-qu |
| 086 | 1 |aEn37-678/1977E-PDF |
| 245 | 00|aDickey Lincoln : |bstudy of impact report and considerations on affected zones in Quebec. |
| 264 | 1|a[Ottawa] : |bEnvironment Canada, |c[1977] |
| 300 | |a1 online resource (32 pages) : |bmap |
| 336 | |atext|btxt|2rdacontent |
| 337 | |acomputer|bc|2rdamedia |
| 338 | |aonline resource|bcr|2rdacarrier |
| 500 | |aDigitized edition from print [produced by Environment and Climate Change Canada]. |
| 500 | |aIssued also in French under title: Dickey Lincoln : étude du rapport d'impact et considérations sur les zones affectées au Québec. |
| 504 | |aIncludes bibliographical references (pages 28-32). |
| 650 | 0|aReservoirs|xEnvironmental aspects|zQuébec (Province) |
| 650 | 0|aDams|xEnvironmental aspects|zQuébec (Province) |
| 710 | 1 |aCanada. |bEnvironment Canada, |eissuing body. |
| 775 | 08|tDickey Lincoln : |w(CaOODSP)9.939827 |
| 856 | 40|qPDF|s1.07 MB|uhttps://publications.gc.ca/collections/collection_2024/eccc/En37-678-1977-eng.pdf |